000 00920nam a2200193 i 4500
001 22431
003 ES-MaACL
005 20250822190538.0
007 t|
008 021202s1906 mx ||||1| spa d
100 1 _aAlegre, Manuel M.
_919667
245 1 0 _aMuchos pájaros en una piedra
_b: reflexiones sugeridas por la lectura del último libro de D. Francisco Bulnes, titulado "Juarez y las Revoluciones de Ayutla y de Reforma" con una invectiva al bohemio transfuga y una nota bene a propósito del ensayo de psicología historica de XXX, invocación al cometa de Halley /
_c[Manuel M. Alegre].
260 _aMéxico :
_b[s.n.],
_c1906 (
_fTip. de J. Aguilar Vera y compañía)
300 _a39 p. ;
_c23 cm.
600 1 4 _aBulnes, Francisco.
_tJuárez y las revoluciones de Ayutla y de reforma.
_9159525
600 1 4 _aJuárez, Benito,
_d1806-1872
_967156
852 _aES-MaACL
_j1591-F-9
999 _c22431
_d22431